Villes de France en C - Statistiques

Statistiques générales
  • Ce quiz a été pris 173 fois
  • Le résultat moyen est 7 sur 18
Statistiques - réponses
Population Ville % Correct
108k Caen
83%
74K Cannes
69%
141K Clermont-Ferrand
58%
76K Calais
56%
94K Créteil
52%
71K Colmar
50%
60K Chambéry
42%
37K Chartres
42%
41K Charleville-Mézières
36%
43K Châteauroux
36%
72K Cergy
30%
78K Cherbourg-en-Cotentin
25%
65K Clichy
23%
53K Cholet
21%
93K Colombes
21%
82K Courbevoie
19%
59K Clamart
15%
54K Chelles
7%
Aucun quiz correspondant
Distribution des résultats
% des personnes avec chaque résultat
Percentile par nombre de réponses
Votre historique - résultats
Vous n’avez pas pris ce quiz